| 000 | 00721nam a2200181Ia 4500 | ||
|---|---|---|---|
| 005 | 20220909163618.0 | ||
| 008 | 210122b ###||||| |||| 00| 0 spa d | ||
| 040 |
_aBIBLIOTECA MUNICIPAL DE BARRANCO _cBIBLIOTECA MUNICIPAL DE BARRANCO |
||
| 082 |
_a516.2207 _bB17 |
||
| 100 | _a Baldor, Aurelio | ||
| 245 | 0 | _aGeometría plana y del espacio: con una introducción a la trigonometría / aurelio baldor | |
| 260 |
_aCiudad _bde Guatemala: Cultural Centromaircanan _c2008 |
||
| 650 | _aGeometría -- Problemas ejercicios, etc. | ||
| 650 | _aMatemática -- Problemas ejercicios, etc. | ||
| 650 | _aTrigonometría -- Problemas ejercicios, etc. | ||
| 942 |
_cBK _22022-08-24 _zERBG |
||
| 999 |
_c1536 _d1536 |
||